[Event "Stay Safe Play From Home 252"]
[Site "Emanuel Lasker Arena"]
[Date "2020.06.24"]
[Round "5"]
[White "Weltszmerc"]
[Black "Indianquant"]
[Result "0-1"]
[WhiteElo "2070"]
[BlackElo "2305"]
[PlyCount "76"]
[EventDate "2020.06.24"]
[EventType "swiss (blitz)"]

1. d4 {[%emt 0:00:01]} Nf6 {[%emt 0:00:04]} 2. c4 {[%emt 0:00:00]} e6 {[%emt 0:00:05]} 3. Nf3 {[%emt 0:00:01]} c5 {[%emt 0:00:02]} 4. d5 {[%emt 0:00:01]} exd5 {[%emt 0:00:00]} 5. cxd5 {[%emt 0:00:00]} d6 {[%emt 0:00:00]} 6. Nc3 {[%emt 0:00:01]} g6 {[%emt 0:00:00]} 7. e4 {[%emt 0:00:00]} a6 {[%emt 0:00:00]} 8. a4 {[%emt 0:00:01]} Bg4 {[%emt 0:00:00]} 9. Be2 {[%emt 0:00:03]} Bxf3 {[%emt 0:00:01]} 10. Bxf3 {[%emt 0:00:01]} Bg7 {[%emt 0:00:00]} 11. O-O {[%emt 0:00:01]} O-O {[%emt 0:00:00]} 12. a5 {[%emt 0:00:06]} Nbd7 {[%emt 0:00:14]} 13. Bf4 {[%emt 0:00:01]} Qc7 {[%emt 0:00:05]} 14. Re1 {[%emt 0:00:04]} Rfe8 {[%emt 0:00:23]} 15. h3 {[%emt 0:00:01]} Rac8 {[%emt 0:00:13]} 16. Ra4 {[%emt 0:00:03]} Ne5 {[%emt 0:00:19]} 17. b3 {[%emt 0:00:09]} Nfd7 {[%emt 0:00:20]} 18. Be2 {[%emt 0:00:12]} Nf3+ {[%emt 0:00:02]} 19. Bxf3 {[%emt 0:00:05]} Bxc3 {[%emt 0:00:00]} 20. Re3 {[%emt 0:00:09]} Bd4 {[%emt 0:00:10]} 21. Re1 {[%emt 0:00:10]} Ne5 {[%emt 0:00:11]} 22. Bd2 {[%emt 0:00:01]} Nd3 {[%emt 0:00:09]} 23. Re2 {[%emt 0:00:02]} Nb2 {[%emt 0:00:05]} 24. Qc2 {[%emt 0:00:05]} Nxa4 {[%emt 0:00:02]} 25. bxa4 {[%emt 0:00:00]} c4 {[%emt 0:00:01]} 26. Bg4 {[%emt 0:00:02]} Rb8 {[%emt 0:00:07]} 27. Bf4 {[%emt 0:00:06]} Be5 {[%emt 0:00:12]} 28. Bxe5 {[%emt 0:00:01]} Rxe5 {[%emt 0:00:06]} 29. f4 {[%emt 0:00:02]} Ree8 {[%emt 0:00:03]} 30. Qc3 {[%emt 0:00:01]} b5 {[%emt 0:00:03]} 31. axb6 {[%emt 0:00:11]} Qxb6+ {[%emt 0:00:05]} 32. Kh2 {[%emt 0:00:01]} Qb3 {[%emt 0:00:01]} 33. Qf6 {[%emt 0:00:05]} Qb4 {[%emt 0:00:34]} 34. h4 {[%emt 0:00:14]} h5 {[%emt 0:00:11]} 35. Bxh5 {[%emt 0:00:18]} c3 {[%emt 0:00:03]} 36. Bxg6 {[%emt 0:00:04]} fxg6 {[%emt 0:00:04]} 37. Qxg6+ {[%emt 0:00:01]} Kh8 {[%emt 0:00:08]} 38. Qh6+ {[%emt 0:00:02] Indianquant reconnected.} Kg8 {[%emt 0:00:02]} 0-1

[Event "Stay Safe Play From Home 252"]
[Site "Emanuel Lasker Arena"]
[Date "2020.06.24"]
[Round "5"]
[White "Lazieri3"]
[Black "Klasman"]
[Result "1-0"]
[WhiteElo "2052"]
[BlackElo "1605"]
[PlyCount "83"]
[EventDate "2020.06.24"]
[EventType "swiss (blitz)"]

1. f3 {[%emt 0:00:02]} f5 {[%emt 0:00:03]} 2. e4 {[%emt 0:00:00]} fxe4 {[%emt 0:00:02]} 3. fxe4 {[%emt 0:00:00]} g6 {[%emt 0:00:04]} 4. Nf3 {[%emt 0:00:00]} d6 {[%emt 0:00:01]} 5. Nc3 {[%emt 0:00:00]} Nf6 {[%emt 0:00:01]} 6. Bb5+ {[%emt 0:00:01]} c6 {[%emt 0:00:01]} 7. Ba4 {[%emt 0:00:01]} Bg7 {[%emt 0:00:06]} 8. d3 {[%emt 0:00:01]} O-O {[%emt 0:00:03]} 9. O-O {[%emt 0:00:01]} Be6 {[%emt 0:00:05]} 10. Bb3 {[%emt 0:00:02]} Bxb3 {[%emt 0:00:02]} 11. axb3 {[%emt 0:00:00]} e5 {[%emt 0:00:06]} 12. h3 {[%emt 0:00:04]} Nbd7 {[%emt 0:00:01]} 13. Be3 {[%emt 0:00:01]} b6 {[%emt 0:00:12]} 14. Qd2 {[%emt 0:00:02]} Nh5 {[%emt 0:00:05]} 15. Bh6 {[%emt 0:00:01]} Qe7 {[%emt 0:00:14]} 16. Bxg7 {[%emt 0:00:11]} Qxg7 {[%emt 0:00:06]} 17. Ne2 {[%emt 0:00:02]} a5 {[%emt 0:00:14]} 18. Qe3 {[%emt 0:00:05]} Nf4 {[%emt 0:00:16]} 19. Nxf4 {[%emt 0:00:05]} Rxf4 {[%emt 0:00:02]} 20. Rf2 {[%emt 0:00:06]} Raf8 {[%emt 0:00:02]} 21. Raf1 {[%emt 0:00:02]} Nf6 {[%emt 0:00:07]} 22. Qxb6 {[%emt 0:00:04]} Nh5 {[%emt 0:00:07]} 23. Ng5 {[%emt 0:00:08]} Rxf2 {[%emt 0:00:06]} 24. Rxf2 {[%emt 0:00:00]} Rxf2 {[%emt 0:00:04]} 25. Qxf2 {[%emt 0:00:05]} Qe7 {[%emt 0:00:31]} 26. Nf3 {[%emt 0:00:09]} Nf4 {[%emt 0:00:06]} 27. Kh2 {[%emt 0:00:08]} h6 {[%emt 0:00:05]} 28. Qg3 {[%emt 0:00:01]} Kg7 {[%emt 0:00:02]} 29. Qg4 {[%emt 0:00:01]} Qa7 {[%emt 0:00:38]} 30. d4 {[%emt 0:00:08]} h5 {[%emt 0:00:19]} 31. Qc8 {[%emt 0:00:41]} exd4 {[%emt 0:00:21]} 32. Qxc6 {[%emt 0:00:22]} d3 {[%emt 0:00:08]} 33. Qc3+ {[%emt 0:00:15]} Kh6 {[%emt 0:00:22]} 34. Qh8+ {[%emt 0:00:03]} Qh7 {[%emt 0:00:03]} 35. Qxh7+ {[%emt 0:00:05]} Kxh7 {[%emt 0:00:01]} 36. cxd3 {[%emt 0:00:00]} Nxd3 {[%emt 0:00:01]} 37. Nd4 {[%emt 0:00:09]} Nxb2 {[%emt 0:00:02]} 38. Nb5 {[%emt 0:00:03]} Nd3 {[%emt 0:00:04]} 39. Nxd6 {[%emt 0:00:02]} Nc5 {[%emt 0:00:01]} 40. b4 {[%emt 0:00:05]} axb4 {[%emt 0:00:02]} 41. e5 {[%emt 0:00:01]} b3 {[%emt 0:00:01]} 42. Nc4 {[%emt 0:00:01] Time (Lag: Av=0.71s, max=1.1s)} 1-0

[Event "Stay Safe Play From Home 252"]
[Site "Emanuel Lasker Arena"]
[Date "2020.06.24"]
[Round "5"]
[White "Viani A Dcunha"]
[Black "Shyamph1980"]
[Result "1-0"]
[WhiteElo "2041"]
[BlackElo "1604"]
[Annotator "NA"]
[PlyCount "47"]
[EventDate "2020.06.24"]
[EventType "swiss (blitz)"]

1. e4 {[%emt 0:00:01]} c5 {[%emt 0:00:02]} 2. Nf3 {[%emt 0:00:01]} e6 {[%emt 0:00:01]} 3. c4 {[%emt 0:00:01]} Nc6 {[%emt 0:00:02]} 4. d4 {[%emt 0:00:01]} cxd4 {[%emt 0:00:01]} 5. Nxd4 {[%emt 0:00:00]} Nxd4 {[%emt 0:00:01]} 6. Qxd4 {[%emt 0:00:01]} Qc7 {[%emt 0:00:01]} 7. Nc3 {[%emt 0:00:02]} a6 {[%emt 0:00:05]} 8. Be3 {[%emt 0:00:02]} b6 {[%emt 0:00:03]} 9. Qxb6 {[%emt 0:00:03]} Qc6 {[%emt 0:00:14]} 10. Qxc6 {[%emt 0:00:03]} dxc6 {[%emt 0:00:02]} 11. O-O-O {[%emt 0:00:01]} Nf6 {[%emt 0:00:03]} 12. f3 {[%emt 0:00:02]} Bb4 {[%emt 0:00:03]} 13. Kc2 {[%emt 0:00:02]} O-O {[%emt 0:00:05]} 14. a3 {[%emt 0:00:01]} Be7 {[%emt 0:00:03]} 15. Na4 {[%emt 0:00:03]} Bb7 {[%emt 0:00:07]} 16. e5 {[%emt 0:00:03]} Rfd8 {[%emt 0:00:19]} 17. exf6 {[%emt 0:00:06]} Rxd1 {[%emt 0:00:03]} 18. Kxd1 {[%emt 0:00:00]} Bxf6 {[%emt 0:00:01]} 19. Kc2 {[%emt 0:00:03]} Rd8 {[%emt 0:00:01]} 20. Nc5 {[%emt 0:00:04]} Bc8 {[%emt 0:00:03]} 21. Bd3 {[%emt 0:00:01]} e5 {[%emt 0:00:02]} 22. Rd1 {[%emt 0:00:02]} Be6 {[%emt 0:00:10]} 23. Nxe6 {[%emt 0:00:02]} fxe6 {[%emt 0:00:01]} 24. Be4 {[%emt 0:00:01] Shyamph1980 resigns (Lag: Av=0.85s, max=2.3s)} 1-0

[Event "Stay Safe Play From Home 252"]
[Site "Emanuel Lasker Arena"]
[Date "2020.06.24"]
[Round "5"]
[White "Robk"]
[Black "Erdema"]
[Result "1-0"]
[WhiteElo "1529"]
[BlackElo "1492"]
[Annotator "NA"]
[PlyCount "123"]
[EventDate "2020.06.24"]
[EventType "swiss (blitz)"]

1. e4 {[%emt 0:00:02]} e5 {[%emt 0:00:02]} 2. Nf3 {[%emt 0:00:03]} Nc6 {[%emt 0:00:02]} 3. Bb5 {[%emt 0:00:02]} a6 {[%emt 0:00:02]} 4. Ba4 {[%emt 0:00:02]} Bc5 {[%emt 0:00:03]} 5. O-O {[%emt 0:00:02]} b5 {[%emt 0:00:02]} 6. Bb3 {[%emt 0:00:02]} Nf6 {[%emt 0:00:01]} 7. c3 {[%emt 0:00:09]} h5 {[%emt 0:00:02]} 8. d4 {[%emt 0:00:03]} exd4 {[%emt 0:00:01]} 9. e5 {[%emt 0:00:01]} Ng8 {[%emt 0:00:11]} 10. cxd4 {[%emt 0:00:02]} Be7 {[%emt 0:00:04]} 11. Re1 {[%emt 0:00:10]} Nh6 {[%emt 0:00:02]} 12. Nbd2 {[%emt 0:00:06]} d6 {[%emt 0:00:02]} 13. Ne4 {[%emt 0:00:07]} Bf5 {[%emt 0:00:05]} 14. Neg5 {[%emt 0:00:02]} dxe5 {[%emt 0:00:07]} 15. dxe5 {[%emt 0:00:03]} Qxd1 {[%emt 0:00:15]} 16. Rxd1 {[%emt 0:00:03]} Nxe5 {[%emt 0:00:02]} 17. Re1 {[%emt 0:00:05]} Nxf3+ {[%emt 0:00:04]} 18. Nxf3 {[%emt 0:00:01]} O-O {[%emt 0:00:04]} 19. Bxh6 {[%emt 0:00:03]} gxh6 {[%emt 0:00:03]} 20. Rxe7 {[%emt 0:00:03]} Rac8 {[%emt 0:00:16]} 21. h3 {[%emt 0:00:02]} Bg6 {[%emt 0:00:03]} 22. Ne5 {[%emt 0:00:03]} Kg7 {[%emt 0:00:09]} 23. Rc1 {[%emt 0:00:07]} c5 {[%emt 0:00:04]} 24. Nxg6 {[%emt 0:00:08]} Kxg6 {[%emt 0:00:03]} 25. Rd1 {[%emt 0:00:03]} c4 {[%emt 0:00:03]} 26. Bc2+ {[%emt 0:00:01]} Kf6 {[%emt 0:00:03]} 27. Rdd7 {[%emt 0:00:05]} b4 {[%emt 0:00:06]} 28. Re4 {[%emt 0:00:05]} Rfe8 {[%emt 0:00:07]} 29. Rxe8 {[%emt 0:00:12]} Rxe8 {[%emt 0:00:02]} 30. Kf1 {[%emt 0:00:03]} Rc8 {[%emt 0:00:12]} 31. Rd4 {[%emt 0:00:05]} c3 {[%emt 0:00:01]} 32. Rxb4 {[%emt 0:00:01]} a5 {[%emt 0:00:03]} 33. Rb3 {[%emt 0:00:03]} cxb2 {[%emt 0:00:04]} 34. Rxb2 {[%emt 0:00:01]} Ke5 {[%emt 0:00:03]} 35. Bb3 {[%emt 0:00:04]} f6 {[%emt 0:00:04]} 36. Ke2 {[%emt 0:00:02]} Rb8 {[%emt 0:00:02]} 37. Rc2 {[%emt 0:00:04]} Rb5 {[%emt 0:00:07]} 38. g3 {[%emt 0:00:05]} f5 {[%emt 0:00:03]} 39. h4 {[%emt 0:00:02]} Kf6 {[%emt 0:00:08]} 40. Rc6+ {[%emt 0:00:03]} Kg7 {[%emt 0:00:14]} 41. Ke3 {[%emt 0:00:03]} Re5+ {[%emt 0:00:05]} 42. Kf4 {[%emt 0:00:01]} Re2 {[%emt 0:00:02]} 43. f3 {[%emt 0:00:02]} Rf2 {[%emt 0:00:02]} 44. Bd5 {[%emt 0:00:03]} Rd2 {[%emt 0:00:03]} 45. Rc5 {[%emt 0:00:06]} Rd4+ {[%emt 0:00:07]} 46. Kxf5 {[%emt 0:00:01]} a4 {[%emt 0:00:03]} 47. Rc7+ {[%emt 0:00:02]} Kf8 {[%emt 0:00:02]} 48. Kf6 {[%emt 0:00:03]} Ke8 {[%emt 0:00:03]} 49. Bc6+ {[%emt 0:00:06]} Kd8 {[%emt 0:00:02]} 50. Rd7+ {[%emt 0:00:13]} Rxd7 {[%emt 0:00:03]} 51. Bxd7 {[%emt 0:00:00]} Kxd7 {[%emt 0:00:01]} 52. Kg6 {[%emt 0:00:01]} Kd6 {[%emt 0:00:01]} 53. f4 {[%emt 0:00:03]} Kc5 {[%emt 0:00:00]} 54. f5 {[%emt 0:00:01]} Kc4 {[%emt 0:00:01]} 55. f6 {[%emt 0:00:00]} Kc3 {[%emt 0:00:01]} 56. f7 {[%emt 0:00:00]} Kb2 {[%emt 0:00:01]} 57. f8=Q {[%emt 0:00:02]} Kxa2 {[%emt 0:00:01]} 58. Qxh6 {[%emt 0:00:03]} Kb2 {[%emt 0:00:03]} 59. Qxh5 {[%emt 0:00:01]} a3 {[%emt 0:00:02]} 60. Qa5 {[%emt 0:00:01]} a2 {[%emt 0:00:01]} 61. Qxa2+ {[%emt 0:00:02]} Kxa2 {[%emt 0:00:02]} 62. h5 {[%emt 0:00:00] Erdema terk eder (Lag: Av=0.63s, max=1.0s)} 1-0

[Event "Stay Safe Play From Home 252"]
[Site "Emanuel Lasker Arena"]
[Date "2020.06.24"]
[Round "6"]
[White "Weltszmerc"]
[Black "Position"]
[Result "1-0"]
[WhiteElo "2070"]
[BlackElo "2074"]
[PlyCount "105"]
[EventDate "2020.06.24"]
[EventType "swiss (blitz)"]

1. d4 {[%emt 0:00:00]} Nf6 {[%emt 0:00:10]} 2. c4 {[%emt 0:00:03]} e6 {[%emt 0:00:03]} 3. Nf3 {[%emt 0:00:02]} Bb4+ {[%emt 0:00:01]} 4. Bd2 {[%emt 0:00:02]} Bxd2+ {[%emt 0:00:01]} 5. Nbxd2 {[%emt 0:00:03]} d5 {[%emt 0:00:00]} 6. g3 {[%emt 0:00:02]} O-O {[%emt 0:00:01]} 7. Bg2 {[%emt 0:00:02]} c6 {[%emt 0:00:01]} 8. Qc2 {[%emt 0:00:02]} Re8 {[%emt 0:00:01]} 9. O-O {[%emt 0:00:02]} Nbd7 {[%emt 0:00:02]} 10. e4 {[%emt 0:00:19]} dxe4 {[%emt 0:00:02]} 11. Nxe4 {[%emt 0:00:01]} Nxe4 {[%emt 0:00:00]} 12. Qxe4 {[%emt 0:00:01]} Nf6 {[%emt 0:00:00]} 13. Qe2 {[%emt 0:00:01]} c5 {[%emt 0:00:01]} 14. Rfd1 {[%emt 0:00:01]} cxd4 {[%emt 0:00:01]} 15. Nxd4 {[%emt 0:00:01]} Qb6 {[%emt 0:00:01]} 16. Nb5 {[%emt 0:00:02]} Bd7 {[%emt 0:00:01]} 17. Nd6 {[%emt 0:00:08]} Reb8 {[%emt 0:00:01]} 18. Qe5 {[%emt 0:00:09]} Bc6 {[%emt 0:00:03]} 19. c5 {[%emt 0:00:04]} Qa5 {[%emt 0:00:17]} 20. a3 {[%emt 0:00:15]} Bd5 {[%emt 0:00:05]} 21. b4 {[%emt 0:00:03]} Qd8 {[%emt 0:00:02]} 22. h3 {[%emt 0:00:06]} b6 {[%emt 0:00:06]} 23. c6 {[%emt 0:00:05]} Bxg2 {[%emt 0:00:12]} 24. Kxg2 {[%emt 0:00:02]} Nd5 {[%emt 0:00:00]} 25. Rxd5 {[%emt 0:00:19]} exd5 {[%emt 0:00:02]} 26. Qxd5 {[%emt 0:00:17]} Qc7 {[%emt 0:00:04]} 27. Nb5 {[%emt 0:00:09]} Qd8 {[%emt 0:00:02]} 28. Qf3 {[%emt 0:00:16]} Rc8 {[%emt 0:00:09]} 29. c7 {[%emt 0:00:01]} Qd7 {[%emt 0:00:03]} 30. a4 {[%emt 0:00:08]} Qe7 {[%emt 0:00:13]} 31. Rd1 {[%emt 0:00:33]} a6 {[%emt 0:00:10]} 32. Nd6 {[%emt 0:00:04]} Qxc7 {[%emt 0:00:02]} 33. Nxc8 {[%emt 0:00:11]} Rxc8 {[%emt 0:00:00]} 34. h4 {[%emt 0:00:07]} h6 {[%emt 0:00:04]} 35. Qf5 {[%emt 0:00:06]} Rf8 {[%emt 0:00:07]} 36. b5 {[%emt 0:00:04]} axb5 {[%emt 0:00:01]} 37. axb5 {[%emt 0:00:00]} Qc4 {[%emt 0:00:24]} 38. Rd7 {[%emt 0:00:04]} Qc8 {[%emt 0:00:15]} 39. Qd5 {[%emt 0:00:02]} Qc5 {[%emt 0:00:57]} 40. Qxc5 {[%emt 0:00:03]} bxc5 {[%emt 0:00:00]} 41. Rc7 {[%emt 0:00:00]} Rb8 {[%emt 0:00:06]} 42. Rxc5 {[%emt 0:00:01]} Kf8 {[%emt 0:00:01]} 43. Kf3 {[%emt 0:00:01]} Ke7 {[%emt 0:00:01]} 44. Ke4 {[%emt 0:00:01]} Kd6 {[%emt 0:00:01]} 45. Kd4 {[%emt 0:00:01]} Ra8 {[%emt 0:00:01]} 46. Rc6+ {[%emt 0:00:03]} Kd7 {[%emt 0:00:00]} 47. Rc2 {[%emt 0:00:02]} Ra4+ {[%emt 0:00:01]} 48. Kc5 {[%emt 0:00:01]} Kc7 {[%emt 0:00:02]} 49. Re2 {[%emt 0:00:01]} Kd7 {[%emt 0:00:06]} 50. Kb6 {[%emt 0:00:11]} Ra8 {[%emt 0:00:05]} 51. Kb7 {[%emt 0:00:01]} Ra4 {[%emt 0:00:05]} 52. Rd2+ {[%emt 0:00:01]} Ke7 {[%emt 0:00:02]} 53. b6 {[%emt 0:00:00] Position resigns (Lag: Av=1.12s, max=2.3s)} 1-0

[Event "Stay Safe Play From Home 252"]
[Site "Emanuel Lasker Arena"]
[Date "2020.06.24"]
[Round "6"]
[White "Viani A Dcunha"]
[Black "Robk"]
[Result "1-0"]
[WhiteElo "2051"]
[BlackElo "1544"]
[PlyCount "49"]
[EventDate "2020.06.24"]
[EventType "swiss (blitz)"]

1. e4 {[%emt 0:00:03]} c5 {[%emt 0:00:02]} 2. Nf3 {[%emt 0:00:03]} e6 {[%emt 0:00:01]} 3. d4 {[%emt 0:00:02]} cxd4 {[%emt 0:00:01]} 4. Nxd4 {[%emt 0:00:00]} Nc6 {[%emt 0:00:01]} 5. Nc3 {[%emt 0:00:06]} Nf6 {[%emt 0:00:02]} 6. Nxc6 {[%emt 0:00:04]} bxc6 {[%emt 0:00:02]} 7. e5 {[%emt 0:00:01]} Nd5 {[%emt 0:00:03]} 8. Ne4 {[%emt 0:00:00]} Be7 {[%emt 0:00:12]} 9. c4 {[%emt 0:00:03]} Nb6 {[%emt 0:00:06]} 10. Nd6+ {[%emt 0:00:03]} Bxd6 {[%emt 0:00:05]} 11. Qxd6 {[%emt 0:00:00]} Qe7 {[%emt 0:00:01]} 12. Qxe7+ {[%emt 0:00:05]} Kxe7 {[%emt 0:00:01]} 13. b3 {[%emt 0:00:05]} d5 {[%emt 0:00:04]} 14. exd6+ {[%emt 0:00:04]} Kxd6 {[%emt 0:00:02]} 15. c5+ {[%emt 0:00:12]} Kxc5 {[%emt 0:00:02]} 16. Ba3+ {[%emt 0:00:02]} Kd5 {[%emt 0:00:04]} 17. O-O-O+ {[%emt 0:00:04]} Ke5 {[%emt 0:00:02]} 18. Bb2+ {[%emt 0:00:05]} Kf5 {[%emt 0:00:02]} 19. Bd3+ {[%emt 0:00:04]} Kg5 {[%emt 0:00:03]} 20. Bxg7 {[%emt 0:00:04]} Rg8 {[%emt 0:00:04]} 21. h4+ {[%emt 0:00:11]} Kh5 {[%emt 0:00:11]} 22. g4+ {[%emt 0:00:21]} Kxg4 {[%emt 0:00:05]} 23. Rdg1+ {[%emt 0:00:03]} Kf4 {[%emt 0:00:04]} 24. Bh6+ {[%emt 0:00:05]} Ke5 {[%emt 0:00:02]} 25. Rxg8 {[%emt 0:00:02] Robk resigns (Lag: Av=0.68s, max=0.9s)} 1-0

[Event "Stay Safe Play From Home 252"]
[Site "Emanuel Lasker Arena"]
[Date "2020.06.24"]
[Round "6"]
[White "Charlsjulian19"]
[Black "Indianquant"]
[Result "0-1"]
[WhiteElo "1810"]
[BlackElo "2312"]
[Annotator "NA"]
[PlyCount "36"]
[EventDate "2020.06.24"]
[EventType "swiss (blitz)"]

1. e4 {[%emt 0:00:01]} c5 {[%emt 0:00:01]} 2. Nf3 {[%emt 0:00:01]} d6 {[%emt 0:00:01]} 3. d4 {[%emt 0:00:01]} cxd4 {[%emt 0:00:00]} 4. Nxd4 {[%emt 0:00:01]} Nf6 {[%emt 0:00:00]} 5. Nc3 {[%emt 0:00:01]} a6 {[%emt 0:00:00]} 6. Bg5 {[%emt 0:00:03]} e6 {[%emt 0:00:01]} 7. f4 {[%emt 0:00:01]} Nc6 {[%emt 0:00:01]} 8. Nxc6 {[%emt 0:00:03]} bxc6 {[%emt 0:00:00]} 9. e5 {[%emt 0:00:03]} h6 {[%emt 0:00:01]} 10. exf6 {[%emt 0:00:07]} hxg5 {[%emt 0:00:06]} 11. fxg5 {[%emt 0:00:03]} gxf6 {[%emt 0:00:02]} 12. Ne4 {[%emt 0:00:07]} fxg5 {[%emt 0:00:09]} 13. Qd2 {[%emt 0:00:01]} f5 {[%emt 0:00:05]} 14. Nc3 {[%emt 0:00:06]} g4 {[%emt 0:00:02]} 15. Bc4 {[%emt 0:00:07]} d5 {[%emt 0:00:02]} 16. Bd3 {[%emt 0:00:03]} Qb6 {[%emt 0:00:04]} 17. Na4 {[%emt 0:00:04]} Qd4 {[%emt 0:00:07]} 18. Qc3 {[%emt 0:00:07]} Bb4 {[%emt 0:00:02] Charlsjulian19 resigns (Lag: Av=1.28s, max=2.0s)} 0-1

[Event "Stay Safe Play From Home 252"]
[Site "Emanuel Lasker Arena"]
[Date "2020.06.24"]
[Round "6"]
[White "Shyamph1980"]
[Black "Klasman"]
[Result "1-0"]
[WhiteElo "1601"]
[BlackElo "1603"]
[Annotator "NA"]
[PlyCount "43"]
[EventDate "2020.06.24"]
[EventType "swiss (blitz)"]

1. e4 {[%emt 0:00:03]} f5 {[%emt 0:01:21]} 2. exf5 {[%emt 0:00:05]} Nf6 {[%emt 0:00:02]} 3. d4 {[%emt 0:00:06]} d5 {[%emt 0:00:01]} 4. Bd3 {[%emt 0:00:02]} Nc6 {[%emt 0:00:03]} 5. c3 {[%emt 0:00:03]} e6 {[%emt 0:00:04]} 6. fxe6 {[%emt 0:00:03]} Bd6 {[%emt 0:00:01]} 7. Bg5 {[%emt 0:00:12]} O-O {[%emt 0:00:02]} 8. Nf3 {[%emt 0:00:04]} Bxe6 {[%emt 0:00:01]} 9. O-O {[%emt 0:00:04]} Bg4 {[%emt 0:00:01]} 10. Nbd2 {[%emt 0:00:06]} Qe8 {[%emt 0:00:17]} 11. Qc2 {[%emt 0:00:26]} Qh5 {[%emt 0:00:05]} 12. h3 {[%emt 0:00:26]} Bxf3 {[%emt 0:00:16]} 13. Nxf3 {[%emt 0:00:03]} Ne4 {[%emt 0:00:01]} 14. Bxe4 {[%emt 0:00:32]} dxe4 {[%emt 0:00:05]} 15. Qxe4 {[%emt 0:00:02]} Rxf3 {[%emt 0:00:08]} 16. Qxf3 {[%emt 0:00:04]} Qxg5 {[%emt 0:00:02]} 17. Rae1 {[%emt 0:00:19]} Rf8 {[%emt 0:00:01]} 18. Qe4 {[%emt 0:00:03]} Ne7 {[%emt 0:00:18]} 19. c4 {[%emt 0:00:10]} Nf5 {[%emt 0:01:17]} 20. c5 {[%emt 0:00:15]} Bf4 {[%emt 0:00:21]} 21. Rd1 {[%emt 0:00:30]} Nh4 {[%emt 0:00:26]} 22. Rd3 {[%emt 0:00:13] Time (Lag: Av=0.73s, max=1.1s)} 1-0

[Event "Stay Safe Play From Home 252"]
[Site "Emanuel Lasker Arena"]
[Date "2020.06.24"]
[Round "6"]
[White "Erdema"]
[Black "Lazieri3"]
[Result "0-1"]
[WhiteElo "1477"]
[BlackElo "2054"]
[PlyCount "148"]
[EventDate "2020.06.24"]
[EventType "swiss (blitz)"]

1. e4 {[%emt 0:00:01]} c6 {[%emt 0:00:00]} 2. d4 {[%emt 0:00:02]} d5 {[%emt 0:00:00]} 3. exd5 {[%emt 0:00:01]} cxd5 {[%emt 0:00:00]} 4. Bd3 {[%emt 0:00:01]} Nc6 {[%emt 0:00:00]} 5. Nf3 {[%emt 0:00:02]} Nf6 {[%emt 0:00:06]} 6. h3 {[%emt 0:00:02]} e6 {[%emt 0:00:01]} 7. c3 {[%emt 0:00:02]} h6 {[%emt 0:00:01]} 8. O-O {[%emt 0:00:03]} Bd6 {[%emt 0:00:01]} 9. a4 {[%emt 0:00:03]} O-O {[%emt 0:00:30]} 10. b4 {[%emt 0:00:04]} a6 {[%emt 0:00:01]} 11. Nbd2 {[%emt 0:00:03]} Re8 {[%emt 0:00:06]} 12. Nb3 {[%emt 0:00:02]} e5 {[%emt 0:00:01]} 13. dxe5 {[%emt 0:00:04]} Nxe5 {[%emt 0:00:00]} 14. Nxe5 {[%emt 0:00:05]} Bxe5 {[%emt 0:00:00]} 15. Bd2 {[%emt 0:00:03]} Be6 {[%emt 0:00:07]} 16. Nd4 {[%emt 0:00:03]} Rc8 {[%emt 0:00:01]} 17. Nxe6 {[%emt 0:00:02]} fxe6 {[%emt 0:00:01]} 18. Rc1 {[%emt 0:00:03]} Ne4 {[%emt 0:00:06]} 19. Bxe4 {[%emt 0:00:03]} dxe4 {[%emt 0:00:00]} 20. Re1 {[%emt 0:00:04]} Qd7 {[%emt 0:00:32]} 21. Rxe4 {[%emt 0:00:06]} Bxc3 {[%emt 0:00:04]} 22. Bxc3 {[%emt 0:00:10]} Qxd1+ {[%emt 0:00:03]} 23. Rxd1 {[%emt 0:00:02]} Rxc3 {[%emt 0:00:00]} 24. Rd6 {[%emt 0:00:03]} Kf7 {[%emt 0:00:34]} 25. Rg4 {[%emt 0:00:13]} Re7 {[%emt 0:00:13]} 26. Rdd4 {[%emt 0:00:05]} Rc2 {[%emt 0:00:05]} 27. Rdf4+ {[%emt 0:00:03]} Kg8 {[%emt 0:00:08]} 28. Rc4 {[%emt 0:00:02]} Rxc4 {[%emt 0:00:04]} 29. Rxc4 {[%emt 0:00:02]} Rd7 {[%emt 0:00:01]} 30. f3 {[%emt 0:00:10]} Kf7 {[%emt 0:00:01]} 31. b5 {[%emt 0:00:04]} axb5 {[%emt 0:00:02]} 32. axb5 {[%emt 0:00:01]} Kf6 {[%emt 0:00:02]} 33. Rc5 {[%emt 0:00:07]} Rd1+ {[%emt 0:00:04]} 34. Kf2 {[%emt 0:00:02]} Rb1 {[%emt 0:00:00]} 35. Ke3 {[%emt 0:00:03]} g6 {[%emt 0:00:10]} 36. g4 {[%emt 0:00:02]} b6 {[%emt 0:00:02]} 37. Rc8 {[%emt 0:00:13]} Rxb5 {[%emt 0:00:02]} 38. h4 {[%emt 0:00:04]} h5 {[%emt 0:00:31]} 39. g5+ {[%emt 0:00:04]} Ke5 {[%emt 0:00:03]} 40. Rg8 {[%emt 0:00:06]} Rb4 {[%emt 0:00:04]} 41. Rxg6 {[%emt 0:00:03]} Rxh4 {[%emt 0:00:01]} 42. Rg8 {[%emt 0:00:02]} b5 {[%emt 0:00:05]} 43. Rb8 {[%emt 0:00:03]} b4 {[%emt 0:00:05]} 44. Rb7 {[%emt 0:00:10]} Kf5 {[%emt 0:00:07]} 45. f4 {[%emt 0:00:03]} Rh3+ {[%emt 0:00:02]} 46. Kf2 {[%emt 0:00:04]} Kxf4 {[%emt 0:00:28]} 47. g6 {[%emt 0:00:05]} Rh2+ {[%emt 0:00:01]} 48. Kg1 {[%emt 0:00:03]} Rh3 {[%emt 0:00:05]} 49. Rxb4+ {[%emt 0:00:09]} Kf5 {[%emt 0:00:01]} 50. g7 {[%emt 0:00:07]} Rg3+ {[%emt 0:00:01]} 51. Kh2 {[%emt 0:00:02]} Rxg7 {[%emt 0:00:00]} 52. Rb5+ {[%emt 0:00:02]} e5 {[%emt 0:00:01]} 53. Kh3 {[%emt 0:00:03]} Kf4 {[%emt 0:00:01]} 54. Rb1 {[%emt 0:00:03]} e4 {[%emt 0:00:01]} 55. Rf1+ {[%emt 0:00:01]} Ke3 {[%emt 0:00:01]} 56. Kh4 {[%emt 0:00:02]} Ke2 {[%emt 0:00:01]} 57. Rf5 {[%emt 0:00:04]} e3 {[%emt 0:00:01]} 58. Kxh5 {[%emt 0:00:02]} Kd1 {[%emt 0:00:01]} 59. Rd5+ {[%emt 0:00:02]} Ke1 {[%emt 0:00:01]} 60. Re5 {[%emt 0:00:02]} e2 {[%emt 0:00:00]} 61. Kh4 {[%emt 0:00:02]} Rd7 {[%emt 0:00:01]} 62. Kg3 {[%emt 0:00:04]} Kd2 {[%emt 0:00:00]} 63. Kf2 {[%emt 0:00:03]} Rf7+ {[%emt 0:00:01]} 64. Kg3 {[%emt 0:00:01]} e1=Q+ {[%emt 0:00:00]} 65. Rxe1 {[%emt 0:00:02]} Kxe1 {[%emt 0:00:00]} 66. Kg4 {[%emt 0:00:02]} Ke2 {[%emt 0:00:00]} 67. Kg5 {[%emt 0:00:01]} Ke3 {[%emt 0:00:00]} 68. Kg6 {[%emt 0:00:01]} Rf1 {[%emt 0:00:00]} 69. Kg5 {[%emt 0:00:01]} Ke4 {[%emt 0:00:00]} 70. Kg6 {[%emt 0:00:01]} Ke5 {[%emt 0:00:01]} 71. Kg7 {[%emt 0:00:01]} Ke6 {[%emt 0:00:00]} 72. Kg8 {[%emt 0:00:01]} Rg1+ {[%emt 0:00:01]} 73. Kf8 {[%emt 0:00:02]} Rg2 {[%emt 0:00:00]} 74. Ke8 {[%emt 0:00:02]} Rg8# {[%emt 0:00:00] (Lag: Av=0.80s, max=1.1s)} 0-1